000 00657nam a2200193 4500
003 OSt
005 20221121095058.0
008 221117b |||||||| |||| 00| 0 eng d
040 _cBiblioteca Lado V
082 _a704.942
_bB641a
100 _9472
_aBlanco, Lidia
_ecoordinador
245 _aArte sobre el cuerpo:/
_bLa disyuntiva del ser/
260 _bCentro Cultural de EspaƱa
_c2003
300 _a17p.
_c22x29cm
650 _2Tesauro de Arte & Arquitectura
_aARTE MODERNO
650 _2Tesauro de Arte & Arquitectura
_aARTE SOBRE EL CUERPO
650 _2Tesauro de Arte & Arquitectura
_aARTE
942 _2ddc
_c1
_h704.942
_iB641a
999 _c2697
_d2697